Guia do mosteiro de Alcobaca = Guide du monastere d´Alcobaca = Guide of the monastery of Alcobaca (Record no. 7392)

MARC details
000 -CABECERA
campo de control de longitud fija 01029nam a2200277 a 4500
001 - NÚMERO DE CONTROL
campo de control BRCA_7718
005 - FECHA Y HORA DE LA ÚLTIMA TRANSACCIÓN
campo de control 20190320205948.0
008 - DATOS DE LONGITUD FIJA--INFORMACIÓN GENERAL
campo de control de longitud fija 300813s1951----po-a######---#000-0#por-#
041 ## - CÓDIGO DE LENGUA
Código de lengua del texto/banda sonora o título independiente porfreeng
044 ## - CÓDIGO DEL PAÍS DE LA ENTIDAD EDITORA/PRODUCTORA
Código MARC del país po
050 #4 - SIGNATURA TOPOGRÁFICA DE LA BIBLIOTECA DEL CONGRESO
Número de clasificación NA4850
Número de documento/Ítem .G85 1951
100 1# - ENTRADA PRINCIPAL--NOMBRE DE PERSONA
Nombre de persona Matos, Pereira de
9 (RLIN) 19087
245 10 - MENCIÓN DE TÍTULO
Título Guia do mosteiro de Alcobaca = Guide du monastere d´Alcobaca = Guide of the monastery of Alcobaca
Mención de responsabilidad, etc. Pereira de Matos ; direccao artistica, capa e fotografias de Carlos Victorino da Silva Barros.
260 ## - PUBLICACIÓN, DISTRIBUCIÓN, ETC.
Lugar de publicación, distribución, etc. Alcobaca, Portugal
Nombre del editor, distribuidor, etc. J. A. da Fonseca
Fecha de publicación, distribución, etc. 1951
300 ## - DESCRIPCIÓN FÍSICA
Extensión 70 p.
Otras características físicas il., fotografías
Dimensiones 17 cm.
500 ## - NOTA GENERAL
Nota general U60
546 ## - NOTA DE LENGUA/LENGUAJE
Nota de lengua/lenguaje Texto en: portugués, francés e inglés
650 14 - PUNTO DE ACCESO ADICIONAL DE MATERIA--TÉRMINO DE MATERIA
Término de materia o nombre geográfico como elemento de entrada Arquitectura religiosa
Subdivisión geográfica Portugal
9 (RLIN) 19088
650 14 - PUNTO DE ACCESO ADICIONAL DE MATERIA--TÉRMINO DE MATERIA
Término de materia o nombre geográfico como elemento de entrada Conventos y monasterios
Subdivisión geográfica Portugal
9 (RLIN) 19089
651 #4 - PUNTO DE ACCESO ADICIONAL DE MATERIA--NOMBRE GEOGRÁFICO
Nombre geográfico Alcobaca (Monasterio)
9 (RLIN) 19090
700 1# - PUNTO DE ACCESO ADICIONAL--NOMBRE DE PERSONA
Nombre de persona Silva Barros, Carlos Victorino da
9 (RLIN) 19091
740 0# - PUNTO DE ACCESO ADICIONAL--TÍTULO RELACIONADO O ANALÍTICO NO CONTROLADO
Título relacionado o analítico no controlado Guide du monastere d´Alcobaca
740 0# - PUNTO DE ACCESO ADICIONAL--TÍTULO RELACIONADO O ANALÍTICO NO CONTROLADO
Título relacionado o analítico no controlado Guide of the monastery of Alcobaca
902 ## - CATALOGADOR
Iniciales GFM
942 ## - ELEMENTOS DE PUNTO DE ACCESO ADICIONAL (KOHA)
Fuente del sistema de clasificación o colocación Library of Congress Classification
Tipo de ítem Koha Libros
Holdings
Estado de retiro Estado de pérdida Estado dañado No para préstamo Localización permanente Ubicación/localización actual Fecha de adquisición Número de inventario Total de préstamos Signatura topográfica completa Código de barras Fecha visto por última vez Precio válido a partir de Tipo de ítem Koha
El ejemplar forma parte de la colección y puede ser consultado según las políticas vigentes.       Biblioteca del Museo Franz Mayer (Rogerio Casas-Alatriste) Biblioteca del Museo Franz Mayer (Rogerio Casas-Alatriste) 29/08/2013 U60   NA4850 .G85 1951 (U60) 8327 22/03/2019 22/03/2019 Libros